000 00314nam a2200133Ia 4500
008 151001s9999||||xx |||||||||||||| ||und||
100 _aमीना - प्रभू
245 _aमाझं लंडन
250 _a1
260 _bक्ष
260 _c1991
300 _a408
365 _b21
999 _c969078
_d969075